000
00393nam a2200145Ia 4500
008
100204s9999 xx 000 0 und d
082
_b
14306
100
_a
राजे शैलजा
245
_a
सावर
260
_b
"दिलीप प्रकाशन , मुंबई 4"
_c
1978
300
_a
168
630
_a
सावर
730
_a
सावर
942
_c
BOOK
999
_c
458737
_d
458734